PSYCHOTHERAPY TRAINING IN INDIA (Record no. 15090)

MARC details
000 -LEADER
fixed length control field 00265nam a22001217a 4500
003 - CONTROL NUMBER IDENTIFIER
control field SGT
082 ## - DEWEY DECIMAL CLASSIFICATION NUMBER
Classification number 616.89
Item number P01K
100 ## - MAIN ENTRY--PERSONAL NAME
Personal name KAPUR, MALAVIKA
245 ## - TITLE STATEMENT
Title PSYCHOTHERAPY TRAINING IN INDIA
260 ## - PUBLICATION, DISTRIBUTION, ETC. (IMPRINT)
Place of publication, distribution, etc INDIA
Name of publisher, distributor, etc NIMHANS
Year of Publication 2001
300 ## - PAGE DESCRIPTION
No. of Pages 199
942 ## - ADDED ENTRY ELEMENTS (KOHA)
Source of classification or shelving scheme Dewey Decimal Classification
Koha item type Books
Holdings
Withdrawn status Lost status Source of classification or shelving scheme Damaged status Not for loan Collection code Home library Current library Shelving location Date acquired Vendor Name Cost, normal purchase price SGTU Bill Number Total Checkouts Full call number Accession No. (Barcode) Date last seen Bill Date Koha item type
    Dewey Decimal Classification     MEDICAL SGT Medical Library SGT Medical Library Text Book 05/02/2018 ABC 200.00 SGTU 9072   616.89 P01K FM10484 25/09/2018 06/12/2017 Books
    Dewey Decimal Classification     MEDICAL SGT Medical Library SGT Medical Library Text Book 05/02/2018 ABC 200.00 SGTU 9072   616.89 P01K FM10485 05/02/2018 06/12/2017 Books